000 00601nam a2200181 a 4500
001 7356
003 CO-ViMGA
008 141112s2004 ck r 000 u spa d
040 _aCO-ViMGA
_bspa
_cCO-ViMGA
082 0 4 _a350.711 C156r
100 1 _aCanosa Torraco, Fernando
_96600
245 1 0 _aLa resolución de los contratos :
_bincumplimiento y mutua disenso, introducción a la teoría general de negocio jurídico, manual de práctica forence
250 _a4a
260 _aSantafé de Bogotá :
_bDoctrina y Ley,
_c1995
300 _a619 p
650 1 4 _aCONTRATOS PUBLICOS
_96601
942 _2ddc
_cBK
999 _c19315
_d19315